000
00248 a2200109 4500
001
58762
082
_a
629.41SIP
090
_c
36075
_d
36075
100
_a
Berkner L V.
245
_a
Peace time uses of outer space
260
_a
NY
_b
Mcgraw-Hil
_c
1961
942
_a
NUST-CAE
_k
629.41SIP
999
_c
293835
_d
293835